000 004300000a22001810004500
003 MACL
005 20150822150113.0
008 150822b xxu||||| |||| 00| 0 eng d
040 _aMACL
_cMACL
041 _aEnglish
082 _a632/SIN
100 _aSingh, Gurnam
_96800
245 _aSeed Testing
260 _bGene Tech Books
_c2008
_aNew Delhi
350 _a795
650 _aAgriculture
_96866
942 _cBK
_k632/SIN
_2ddc
999 _c42532
_d42532